000 01219nam a2200277 i 4500
003 SA-RiAUC
005 20250720064624.0
008 241130s2009____su g f000 0 ara c
020 _a9789960038889
040 _aSA-MaUQU
_bara
_cSA-RiAUC
_erda
082 0 4 _a227.6
_qSA-RiAUC
090 _a227.6
_b ش هـ ر
100 1 _aالشهري، علي عبد الله سعيد
_eمؤلف.
245 1 0 _aطريقة استباق المعاني قبل فهم المباني في تفسير القرآن الكريم :
_bعرض وتصحيح /
_cعلي بن عبد الله بن سعيد آل غرمان الشهري.
250 _aالطبعة الأولى.
264 1 _aمكة المكرمة :
_bجامعة أم القرى، معهد البحوث العلمية وإحياء التراث الإسلامي،
_c2009
300 _a63 صفحة ؛
_c24 سم.
336 _aنص
_btxt
_2rdacontent
_3كتاب
337 _aبدون وسيط
_bn
_2rdamedia
338 _aمجلد
_bnc
_2rdacarrier
490 0 _aسلسلة بحوث الدراسات الاسلامية
630 2 7 _aالقرآن
_xتفاسير حديثة
_2aucut
730 2 2 _aالقرآن
942 _2ddc
_cBOOK
_n0
949 _aSA-JeALM
_d241130
_umohamedma123
_n1
999 _c2956
_d2956